| 000 | 01009nam a22003490a 4500 | ||
|---|---|---|---|
| 001 | PT15705 | ||
| 003 | AR-LpoUNG | ||
| 005 | 20210131232647.0 | ||
| 008 | 191001s1987||||it |||||||||||||||||spa d | ||
| 040 |
_aAR-LpoUNG _bspa _cAR-LpoUNG _eaacr |
||
| 041 | _aspa | ||
| 044 | _ait | ||
| 082 | 0 | _a507 159cie | |
| 100 | 1 |
_aSalam, Abdus _eed. |
|
| 245 | 1 | 0 |
_aCiencia, educación y desarrollo : _bensayos selectos de Abdus Salam |
| 250 | _a1º edición | ||
| 260 |
_aTrieste : _bLint, _c1987. |
||
| 300 |
_a111 p. : _bgráfs. |
||
| 520 | _aLa obra contiene una selección de textos del reconocido físico Abdus Salam. | ||
| 650 | 4 | _aCIENCIA | |
| 650 | 4 | _aCIENCIA Y TECNOLOGIA | |
| 650 | 4 | _aDESARROLLO DE LA EDUCACION | |
| 650 | 4 | _aEDUCACION | |
| 650 | 4 | _aFISICA | |
| 650 | 4 | _aINVESTIGACION Y DESARROLLO | |
| 650 | 4 | _aPAISES EN DESARROLLO | |
| 650 | 4 | _aPOLITICA EDUCATIVA | |
| 650 | 4 | _aPROGRESO CIENTIFICO | |
| 651 | 4 | _aDOCUMENTOS TEORICOS O METODOLOGICOS | |
| 905 | _a15705 | ||
| 942 | _cLIB | ||
| 999 |
_c16812 _d16812 |
||